Datum a čas kvízu
30.5
Celkem bodů
Celkový počet nahraných bodů na tomto kvízu bez doplňovacích otázek.
6.
Pořadí na kvízu
Konečné umístění týmu na tomto kvízu.
Zaznamenané odpovědi
| # | Otázka | Odpověď | Body | Výsledky |
|---|---|---|---|---|
| 1. | Jedno české město řeší bizarní... | D | 1 | |
| 2. | Malá Amelie z Kyjeva přiměla v... | Ledové království /Frozen | 1 | |
| 3. | Ve čtvrtek měla premiéru komed... | Betlémské světlo | 1 | |
| 4. | Česká vláda zrušila s platnost... | elektronická evidence tržeb (EET) | 1 | |
| 5. | Českou hokejovou reprezentaci... | Kari Jalonen | 1 | |
| 6. | V dalším díle této tematické s... | jinan (dvoulaločný) | 1 | |
| 7. | Levhart sněžný je plachá a sam... | irbis | 0 | |
| 8. | Tito drobní primáti nejsou poz... | nártoun | 0 | |
| 9. | Aktinidie čínská je ovocný str... | kiwi | 0 | |
| 10. | Tento vačnatec je endemitem No... | kuskus | 0 |